Jeux Olympiques: Canoë-Kayak - Statistiques

Statistiques générales
  • Ce quiz a été pris 92 fois
  • Le résultat moyen est 27 sur 43
Statistiques - réponses
Réponse % Correct
France
99%
Etats-Unis
93%
Allemagne
90%
Espagne
90%
Grande-Bretagne
90%
RDA
90%
URSS
89%
Russie
83%
Chine
81%
Italie
79%
Japon
79%
Australie
78%
Canada
78%
République Tchèque
78%
Portugal
73%
Norvège
71%
Pologne
71%
Hongrie
70%
Suède
70%
Brésil
69%
Slovénie
68%
Slovaquie
66%
Suisse
66%
Nouvelle-Zélande
65%
Tchécoslovaquie
65%
Roumanie
63%
Pays-Bas
61%
Ukraine
61%
Finlande
59%
Autriche
58%
Danemark
54%
Yougoslavie
53%
Serbie
48%
Lettonie
46%
Lituanie
46%
Biélorussie
45%
Bulgarie
44%
Afrique du Sud
41%
Moldavie
31%
Cuba
25%
Israël
16%
Azerbaïdjan
13%
Togo
8%
Aucun quiz correspondant
Distribution des résultats
% des personnes avec chaque résultat
Percentile par nombre de réponses
Votre historique - résultats
Vous n’avez pas pris ce quiz